| 000 | 01307nam a22003737a 4500 | ||
|---|---|---|---|
| 003 | CHAP | ||
| 005 | 20220817042547.0 | ||
| 008 | 971013s1965 r 00010 d | ||
| 010 | _a48115 | ||
| 011 | _a49087 | ||
| 035 | _a53235 | ||
| 040 | _cCHAP | ||
| 082 |
_a338.19 _bF36v |
||
| 110 | _aFAO | ||
| 245 | _aVinculación de la ayuda alimentaria con otros tipos de ayuda | ||
| 260 |
_aRome : _bFAO, _c1965 |
||
| 300 | _a51 p. | ||
| 490 |
_aFAO. Estudios del programa mundial de alimentos _v; 3 |
||
| 590 |
_aBATCH-UPD _b10 _c20130110 _lUCH01 _h0044 |
||
| 590 |
_aBATCH-UPD _b10 _c20130110 _lUCH01 _h1636 |
||
| 590 |
_aBATCH-UPD _b10 _c20130410 _lUCH01 _h1027 |
||
| 590 |
_aBATCH-UPD _b10 _c20130914 _lUCH01 _h0137 |
||
| 590 |
_aCONVERSION _b10 _c20130109 _lUCH01 _h1326 |
||
| 650 | 1 | 4 |
_aAlimentos _xAbastecimiento. |
| 700 | 0 |
_aChakravarty, S. _921740 |
|
| 710 | 0 |
_aOrganización de las Naciones Unidas. _983534 |
|
| 830 | 0 |
_aFAO. Estudios del programa mundial de alimentos _v; 3 _939551 |
|
| 901 | _aBK | ||
| 942 | _cLIBRO | ||
| 949 |
_a338.19 F36v _bBC _cFAO _d-118177 _eFAO1 _h5945 _i53235 _si |
||
| 949 |
_a338.19 F36v _bBC _cFAO _d-118178 _eFAO2 _fc.2 _h5946 _i53235 _si |
||
| 949 |
_a338.19 F36v _bBC _cFAO _d-118180 _eFAO2 _fc.3 _h5947 _i53235 _si |
||
| 949 |
_a338.19 F36v _bBC _cFAO _d-118181 _eFAO2 _fc.4 _h5948 _i53235 _si |
||
| 999 |
_c48115 _d48115 |
||